|
|
|
|
| LEADER |
01203nam a2200337Ia 4500 |
| 001 |
EBC452602 |
| 003 |
MiAaPQ |
| 005 |
20200520144314.0 |
| 006 |
m o d | |
| 007 |
cr cn||||||||| |
| 008 |
081203s2009 nyu sb 001 0 eng d |
| 010 |
|
|
|z 2008048569
|
| 020 |
|
|
|z 9780814410325
|
| 035 |
|
|
|a (MiAaPQ)EBC452602
|
| 035 |
|
|
|a (Au-PeEL)EBL452602
|
| 035 |
|
|
|a (CaPaEBR)ebr10310871
|
| 035 |
|
|
|a (CaONFJC)MIL400161
|
| 035 |
|
|
|a (OCoLC)818830809
|
| 040 |
|
|
|a MiAaPQ
|c MiAaPQ
|d MiAaPQ
|
| 050 |
|
4 |
|a HD69.C6
|b C57 2009
|
| 100 |
1 |
|
|a Cohen, William A.,
|d 1937-
|
| 245 |
1 |
0 |
|a How to make it big as a consultant
|h [electronic resource] /
|c William A. Cohen.
|
| 250 |
|
|
|a 4th ed.
|
| 260 |
|
|
|a New York :
|b American Management Association,
|c c2009.
|
| 300 |
|
|
|a xix, 332 p.
|
| 504 |
|
|
|a Includes bibliographical references and index.
|
| 533 |
|
|
|a Electronic reproduction. Ann Arbor, MI : ProQuest, 2015. Available via World Wide Web. Access may be limited to ProQuest affiliated libraries.
|
| 650 |
|
0 |
|a Business consultants.
|
| 655 |
|
4 |
|a Electronic books.
|
| 710 |
2 |
|
|a ProQuest (Firm)
|
| 856 |
4 |
0 |
|u https://ebookcentral.proquest.com/lib/matrademy/detail.action?docID=452602
|z Click to View
|